| 000 | 00645 a2200181 4500 | ||
|---|---|---|---|
| 003 | Nust | ||
| 005 | 20170207153550.0 | ||
| 040 | _cNust | ||
| 082 | _a005.1 | ||
| 100 | _aAhmed, Major Waqar (MSCS-2) | ||
| 245 |
_aSimulation Of DIsk Scheduling Algorithms _cMajor Waqar Ahmed |
||
| 260 |
_bMCS,NUST _cDec,2000 _aRawalpindi |
||
| 300 | _axi,84:p; | ||
| 505 | _aIntroduction (page-1) Disk scheduling (page-16) Software development (page-26) Results and evaluation of disk scheduling algorithms (page-29) Discussion and comparison of results (page-62)Conclusions (page-81) | ||
| 538 | _aAlmirah No 69 Shelf No 5 | ||
| 650 | _aPG Thasis | ||
| 651 | _aMSCS-2 | ||
| 942 | _cTHS | ||
| 999 |
_c188806 _d188806 |
||